000 00334nam a2200145Ia 4500
100 _aDoyle/J.M
650 _aElectrical Engineering
942 _cRB
654 _aSwitching
245 _aDigital Switching & Timing Circuits
260 _bDux-Bury Press
_aCalifornia
_c1976
082 _a621.3
300 _a384
546 _aENGLISH
999 _c29128
_d29128